Las clases sociales en América Latina /
Αποθηκεύτηκε σε:
| Συγγραφή απο Οργανισμό/Αρχή: | |
|---|---|
| Άλλοι συγγραφείς: | , |
| Μορφή: | Άγνωστο |
| Γλώσσα: | Spanish |
| Έκδοση: |
México:
Siglo Veintiuno editores,
1979
|
| Έκδοση: | 6. edición |
| Σειρά: | Sociología y política
|
| Θέματα: | |
| Ετικέτες: |
Προσθήκη ετικέτας
Δεν υπάρχουν, Καταχωρήστε ετικέτα πρώτοι!
|
MARC
| LEADER | 000000000a22000000004500 | ||
|---|---|---|---|
| 001 | 000959 | ||
| 008 | 170620s1979 mx ||||| |||| 00| 0 spa d | ||
| 041 | 0 | |a español | |
| 082 | |a 301.44 |b C614c6 | ||
| 110 | 2 | |a Instituto de Investigaciones Sociales, |b Universidad Nacional Autónoma de México | |
| 245 | 1 | 4 | |a Las clases sociales en América Latina / |c Instituto de Investigaciones Sociales |
| 250 | |a 6. edición | ||
| 260 | |a México: |b Siglo Veintiuno editores, |c 1979 | ||
| 300 | |a xii, 453 páginas | ||
| 490 | 1 | |a Sociología y política | |
| 500 | |a Número de inscripción 12957 | ||
| 650 | 4 | |a CLASES SOCIALES | |
| 650 | 4 | |a AMERICA LATINA | |
| 700 | 1 | 2 | |a Benítez Zenteno, Raúl, coordinador |
| 700 | 1 | 2 | |a Fernándes, Florestán |
| 942 | |2 ddc |c BK | ||
| 999 | |c 2086 |d 2086 | ||
